Jelšava – Námestie republiky

Enregistré dans:
Détails bibliographiques
Auteur principal: Mrvová, Denisa (Auteur)
Autres auteurs: Smatanová, Katarína (Directeur de thèse)
Format: Manuscrit Livre
Langue:slovaque
Publié: Bratislava 2018
Sujets:
Accès en ligne:http://is.stuba.sk/zp/portal_zp.pl?podrobnosti=120047
Tags: Ajouter un tag
Pas de tags, Soyez le premier à ajouter un tag!

MARC

LEADER 00000ntm a22000003a 4500
001 stuzp68928
003 SK-STU
005 20210125111554.4
007 ta
008 150427s2015----xo-----f-mn---000-0-slo-d
040 |a STU  |b slo 
041 0 |a slo 
100 1 |a Mrvová, Denisa  |u 056160  |4 aut  |U FAD Fakulta architektúry  |T FA Ústav urbanizmu a územného plánovania  |X 77067  |U A6160  |Y 397  |7 77067 
242 0 1 |a Jelšava – Republic Square  |y eng 
245 1 0 |a Jelšava – Námestie republiky 
260 |c 2018  |a Bratislava 
650 4 |a Jelšava  |2 slo 
650 4 |a verejný priestor  |2 slo 
650 4 |a námestie  |2 slo 
650 4 |a stratégia  |2 slo 
650 4 |a public space  |2 eng 
650 4 |a square  |2 eng 
650 4 |a strategy  |2 eng 
650 4 |a Jelšava  |2 eng 
700 1 |a Smatanová, Katarína  |u 056160  |k Z1  |4 ths  |U FAD Fakulta architektúry  |T FA Ústav urbanizmu a územného plánovania  |X 27652  |U A6160  |Y 397  |7 A000027652 
856 4 |u http://is.stuba.sk/zp/portal_zp.pl?podrobnosti=120047  |u https://opac.crzp.sk/?fn=detailBiblioForm&sid=233ADDCA5EB56A1009EF3E31D49A